000 00377nam a2200133Ia 4500
008 100328s9999 xx 000 0 und d
082 _b2812
100 _aHallows R.W.
245 _aRadar Radiolocation Simply Explained
260 _bScientific Book Club
630 _aRadar Radiolocation Simply Explained
730 _aRadar Radiolocation Simply Explained
942 _cBOOK
999 _c499002
_d498999